Анализ содержания некоторых микроэлементов в твердом осадке снега в районах нефтеперерабатывающих заводов России (гг. Омск, Ачинск) и Казахстана (г. Павлодар); Аэрозоли Сибири. XXIV Рабочая группа

Bibliografiska uppgifter
Parent link:Аэрозоли Сибири. XXIV Рабочая группа.— 2017.— [1 с.]
Huvudupphovsman: Шахова Т. С. Татьяна Сергеевна
Institutionell upphovsman: Национальный исследовательский Томский политехнический университет (ТПУ) Институт природных ресурсов (ИПР) Кафедра геоэкологии и геохимии (ГЭГХ)
Övriga upphovsmän: Таловская А. В. Анна Валерьевна, Язиков Е. Г. Егор Григорьевич
Sammanfattning:Заглавие с экрана
Språk:ryska
Publicerad: 2017
Ämnen:
Länkar:https://symp.iao.ru/files/symp/sa/24/ru/abstr_9561.pdf
Materialtyp: Elektronisk Bokavsnitt
KOHA link:https://koha.lib.tpu.ru/cgi-bin/koha/opac-detail.pl?biblionumber=657374

MARC

LEADER 00000naa0a2200000 4500
001 657374
005 20250910113234.0
035 |a (RuTPU)RU\TPU\network\23876 
090 |a 657374 
100 |a 20180126d2017 k y0rusy50 ca 
101 0 |a rus 
102 |a RU 
135 |a drcn ---uucaa 
181 0 |a i  
182 0 |a b 
200 1 |a Анализ содержания некоторых микроэлементов в твердом осадке снега в районах нефтеперерабатывающих заводов России (гг. Омск, Ачинск) и Казахстана (г. Павлодар)  |f Т. С. Шахова, А. В. Таловская, Е. Г. Язиков 
203 |a Текст  |c электронный 
300 |a Заглавие с экрана 
320 |a [Библиогр.: 1 назв.] 
463 |t Аэрозоли Сибири. XXIV Рабочая группа  |o тезисы докладов, 28 Ноября-1 Декабря 2017, Томск  |f Российская академия наук (РАН), Сибирское отделение (СО), Институт оптики атмосферы им. В. Е. Зуева (ИОА) ; Российский фонд фундаментальных исследований (РФФИ)  |v [1 с.]  |d 2017 
610 1 |a электронный ресурс 
610 1 |a труды учёных ТПУ 
610 1 |a микроэлементы 
610 1 |a твердые осадки 
610 1 |a нефтеперерабатывающие заводы 
700 1 |a Шахова  |b Т. С.  |g Татьяна Сергеевна  |f 1991-  |c геолог  |c инженер Томского политехнического университета  |3 (RuTPU)RU\TPU\pers\36478  |9 19527 
701 1 |a Таловская  |b А. В.  |c геохимик  |c профессор Томского политехнического университета, доктор геолого-минералогических наук  |f 1983-  |g Анна Валерьевна  |3 (RuTPU)RU\TPU\pers\26173  |9 11982 
701 1 |a Язиков  |b Е. Г.  |c специалист в области геологии и минералогии  |c профессор Томского политехнического университета, доктор геолого-минералогических наук, заместитель проректора по образовательной и международной деятельности  |f 1955-  |g Егор Григорьевич  |3 (RuTPU)RU\TPU\pers\26057  |9 11896 
712 0 2 |a Национальный исследовательский Томский политехнический университет (ТПУ)  |b Институт природных ресурсов (ИПР)  |b Кафедра геоэкологии и геохимии (ГЭГХ)  |3 (RuTPU)RU\TPU\col\18658 
801 0 |a RU  |b 63413507  |c 20180126  |g RCR 
850 |a 63413507 
856 4 |u https://symp.iao.ru/files/symp/sa/24/ru/abstr_9561.pdf 
942 |c CF